000
00293nam a2200121Ia 4500
008
190216s9999||||xx |||||||||||||| ||und||
100
_a
"Khanna Bs, Pandey Im&Amp; Ahuja Gk"
245
0
_a
Practical Costing
260
_b
S Chand & Co
_c
1978
300
_a
688p
650
_a
Commerce
942
_c
BK
999
_c
5118
_d
5118